| 000 | 01224nam a22002537a 4500 | ||
|---|---|---|---|
| 005 | 20170124103150.0 | ||
| 010 | _aB-257010 | ||
| 020 |
_c275.00 _a8188026123 |
||
| 035 | _aB-257010 | ||
| 037 | _bCen Lib/Ret | ||
| 040 |
_aDPL _bHN |
||
| 082 |
_a507 _bदत्तउ |
||
| 100 |
_aदत्त, उषा _987580 |
||
| 245 |
_aविज्ञान जिज्ञासा प्रशोनात्तरी : _cउषा दत्त _bरसायन, भौतिकी तथा जीव-विज्ञान / |
||
| 246 |
_aVigyaan jigyasa prashonattri : Rasayan, bhautiki tatha jeev vigyan / _bby Usha Datt |
||
| 260 |
_a दिल्ली _bराजकुमार एंड संस _c2006 |
||
| 270 |
_bदिल्ली _a30/35, गली न. ९, विश्वास नगर, शाहदरा _e110032 |
||
| 300 |
_a244पृ.: _c20सेमी(सजिल्द ) _bसचित्र |
||
| 650 |
_aविज्ञान - अनेक वस्तुओं का संग्रह _x _z _987581 |
||
| 650 |
_aविज्ञान _987582 |
||
| 650 |
_aScience -- Miscellanea. _987583 |
||
| 650 |
_aScience. _910795 |
||
| 942 |
_2ddc _cHN _h507 _mदत्तउ |
||
| 999 |
_c119910 _d119910 |
||